| 000 | 00554nam a22001697a 4500 | ||
|---|---|---|---|
| 999 |
_c8311 _d8311 |
||
| 008 | 201112b ||||| |||| 00| 0 eng d | ||
| 040 | _aBMS College of Architecture | ||
| 100 | _aVarma, Aparna | ||
| 245 | _aFrom drowning to swimming - St mark's forum | ||
| 300 | _a78p. | ||
| 500 | _a1BM15AT013 | ||
| 502 |
_8B,Arch _NBMS College of Architecture, Visvesvaraya Technological University (VTU) _aProject report _d2019 |
||
| 650 | _aswimming - St mark's forum | ||
| 700 |
_aBhagyalaxmi M _eGuide |
||
| 700 |
_aNisha Mary Poulose _eGuide |
||
| 942 |
_2ddc _cTHE |
||